Blender Lyrics 5SOS - Statistics

General Stats
  • This quiz has been taken 84 times
    46 since last reset
  • The average score is 257 of 308
Answer Stats
Part of Song Lyric % Correct
a
100%
i
100%
it
100%
the
100%
all
95%
All
95%
in
95%
Verse 1 is
95%
Is
95%
me
95%
an
90%
are?
90%
blender
90%
my
90%
we
90%
you
90%
you)
90%
emotional
86%
for
86%
(for
86%
oh
86%
said
86%
things
86%
way
86%
were
86%
we're
86%
where
86%
and
81%
bed
81%
but
81%
Verse 2 But
81%
going
81%
head
81%
it's
81%
know
81%
lonely
81%
mess
81%
never
81%
now
81%
room
81%
round
81%
your
81%
across
76%
again
76%
die
76%
feel
76%
just
76%
like
76%
nothing
76%
off
76%
tried
76%
truth
76%
what
76%
when
76%
depressed
71%
do
71%
ends
71%
god
71%
hear
71%
heart
71%
Pre-Chorus i'd
71%
ricocheting
71%
roof
71%
stressed
71%
through
71%
too
71%
burning
67%
left
67%
only
67%
stars
67%
always
62%
at
62%
can't
62%
got
62%
guess
62%
howling
62%
moon
62%
inside
57%
supernatural
57%
with
57%
would
57%
away
52%
knife
52%
keep
48%
No matching quizzes found
Score Distribution
Percent of People with Each Score
Percentile by Number Answered
Your Score History
You have not taken this quiz since the last reset